003500000a22001090004500090001700000245007500017041001300092100003100105942001300136773007400149999001700223 aASbSeriadas10aDiet of woolly monkeys (Lagothrix lagotricha) at La Macarena, Colombia0 aInglés1 aStevenson, Pablo R.994223 cARTICULO1 tField Studies of Fauna and Flora La Macarena, Colombiaq3-14d1992g6 c16008d16008